| 000 | 00441nam a22001577a 4500 | ||
|---|---|---|---|
| 005 | 20240829073640.0 | ||
| 008 | 240829b |||||||| |||| 00| 0 eng d | ||
| 041 | _aEnglish | ||
| 082 | _a349 STA | ||
| 100 | _lEnglish | ||
| 245 | _aStatutes of The Transvaal 1909 | ||
| 260 |
_aWindhoek: _bBy Authority, _c1909 |
||
| 300 |
_bxviii, 392 pages; _c25 cm. |
||
| 650 |
_aLegal practice _bLaw |
||
| 942 |
_cBK _6ALISON_BN_VRIES |
||
| 999 |
_c2932 _d2932 |
||